| 000 | 00500nam a2200181Ia 4500 | ||
|---|---|---|---|
| 008 | 100921s9999 xx 000 0 und d | ||
| 082 |
_b724 _a891.463 थ 59 |
||
| 100 | _aशहा नलिनी. | ||
| 245 | _aमळभ. | ||
| 260 |
_bसुरस ग्रंथमाला,सोलापूर. _c1959 |
||
| 300 |
_a111 _b--- |
||
| 365 | _b3 | ||
| 520 | _aललित-कथा. | ||
| 630 | _aमळभ. | ||
| 650 | _aललित-कथा. | ||
| 730 | _aमळभ. | ||
| 942 | _cBOOK | ||
| 999 |
_c749837 _d749834 |
||